Misteri Kubah Di Dasar Laut

Bibliographic Details
Main Author: Mohamad Amli Ghazali
Format: Book
Published: Selangor : Yamani Angle Sdn Bhd , 2014
Series:Siri Cerita Akhlak Mulia

MARC

LEADER 00000cam a2200000 7i4500
001 0000047765
005 20150525.0
008 150525
020 |a 9789670525174 
090 0 0 |a MOR   |b MAL 
100 1 |a Mohamad Amli Ghazali 
245 1 0 |a Misteri Kubah Di Dasar Laut   |c Mohamad Amli Ghazali 
260 |a Selangor :   |b Yamani Angle Sdn Bhd ,   |c 2014 
490 0 |a Siri Cerita Akhlak Mulia 
999 |a 0001311716   |b Book   |c Children Collection   |e Cawangan Bukit Gambir 
999 |a 0001311717   |b Book   |c Children Collection   |e Cawangan Taman Sri Lambak 
999 |a 0001311718   |b Book   |c Children Collection   |e Cawangan Tangkak 
999 |a 0001311719   |b Book   |c Children Collection   |e Cawangan Pontian 
999 |a 0001311720   |b Book   |c Children Collection   |e Cawangan Segamat 
999 |a 0001311721   |b Book   |c Children Collection   |e Cawangan Sri Merlong 
999 |a 0001311723   |b Book   |c Children Collection   |e Cawangan Batu Pahat 
999 |a 0001311725   |b Book   |c Teenagers   |e Cawangan Bandar Tenggara 
999 |a 0001311726   |b Book   |c Children Collection   |e Cawangan Tmn. Ungku Tun Aminah 
999 |a 0001311727   |b Book   |c Children Collection   |e Cawangan Bandar Penawar 
999 |a 0001311728   |b Book   |c Children Collection   |e Cawangan Kota Tinggi 
999 |a 1311722   |b Book   |c Children Collection   |e Cawangan Muar